Largest Seas of the Southern Ocean - Statistics

General Stats
  • This quiz has been taken 70 times
  • The average score is 4 of 14
Answer Stats
Longitudes Area (km2) Sea % Correct
166°E – 155°W 637,000 {Ross} Sea
85%
57°18'W – 12°16'E 2,800,000 {Weddell} Sea
71%
102°20′ – 126°W 98,000 {Amundsen} Sea
59%
26°30' – 65°W 900,000 {Scotia} Sea
32%
57°18' – 102°20'W 487,000 {Bellingshausen} Sea
24%
82° – 96°E 21,000 {Davis} Sea
22%
59°34' – 85°E 258,000 {Cooperation} Sea
17%
30° – 50°E 699,000 {Cosmonauts} Sea
15%
20°W – 45°E {King} {Haakon} {VII} Sea
15%
0° – 14°E 929,000 {Lazarev} Sea
15%
95°45' – 113°E 333,000 {Mawson} Sea
15%
140°E {D'Urville} Sea
12%
14° – 30°E 1,138,000 {Riiser}-{Larsen} Sea
12%
150° – 170°E 1,150,000 {Somov} Sea
12%
No matching quizzes found
Score Distribution
Percent of People with Each Score
Percentile by Number Answered
Your Score History
You have not taken this quiz